Dodržiavanie pracovnoprávnych vzťahov a BOZP pri stavebných prácach

Bibliographic Details
Main Author: Bátora, Vladimír (Author)
Format: Article
Language:Slovak
PhysicalDescription:Tab.
ISSN:0322-8347
Subjects:

MARC

LEADER 00000nab a2200000 a 4500
001 vtls000871534
003 SK-MaSNL
005 20260304131215.0
008 250429c2004 xo 0 slo
015 |a SNBRB2004/05-13843 
035 |a CLN000223086 
035 |a urn:nbn:sk:snk-abafha 
035 |a (urnnbn)urn:nbn:sk:snk:ar-a0amkn 
035 |a (uuid)b5dc5e55-5c2e-4613-9952-5bf77304613f 
040 |a SNKBUCL  |b slo  |c SNKBUCL  |e AACR2 
041 0 |a slo 
044 |a xo  |c SK 
080 |a 331.45:69:349.22  |2 1997 
080 |a 349.22  |2 1997 
080 |a 69  |2 1997 
100 1 |a Bátora, Vladimír  |4 aut  |9 1010557 
245 1 0 |a Dodržiavanie pracovnoprávnych vzťahov a BOZP pri stavebných prácach  |c Vladimír Bátora 
300 |b Tab. 
650 0 7 |a bezpečnosť práce  |2 SNKPH  |9 1296 
650 0 7 |a ochrana zdravia pri práci  |2 SNKPH  |9 284118 
650 0 7 |a stavebné práce  |2 SNKPH  |9 68050 
650 0 7 |a pracovnoprávne vzťahy  |2 SNKPH  |9 2338 
655 7 |a články z novín a časopisov  |2 SNK  |9 267496 
773 0 |t Bezpečná práca  |g Roč. 35, č. 2 (2004), s. 19-20  |x 0322-8347 
850 |a Slovenská národná knižnica 
852 |a Slovenská národná knižnica 
954 |a odborná, vedecká literatúra pôvodná (slovenská)  |2 lita 
958 |a article14 
958 |a OND 
958 |a EUIPO 
992 |a RBX 
999 |c 2896371  |d 2898301